[Event "Hampshire Open"]
[Site "Eastleigh"]
[Date "2016.11.05"]
[Round "4"]
[White "Wiltshir, Richard"]
[Black "Clancy, Martin J"]
[Result "0-1"]
[WhiteElo "1800"]
[BlackElo "1960"]
[PlyCount "58"]
[EventDate "2016.11.04"]
[EventType "swiss"]
[EventRounds "6"]
[EventCountry "ENG"]
[SourceTitle "BritBase"]
[Source "John Saunders"]
[SourceDate "2016.11.11"]
[SourceVersion "1"]
[SourceVersionDate "2016.11.11"]
[SourceQuality "1"]

1. Nc3 c5 2. Nf3 Nc6 3. e3 d5 4. Bb5 e6 5. d4 Bd7 6. Bxc6 Bxc6 7. Ne5 Qc7 8. Bd2 cxd4 9. exd4 Bd6 10. Qe2 Ne7 11. Nb5 Bxb5 12. Qxb5+ Nc6 13. Nxc6 bxc6 14. Qa6 O-O 15. h4 e5 16. O-O-O Rab8 17. Ba5 Qd7 18. Bc3 exd4 19. Rxd4 Rb6 20. Qa4 Qb7 21. Rg4 f6 22. h5 Be5 23. h6 g6 24. Bd4 Rb4 25. Rxg6+ hxg6 26. h7+ Kh8 27. Qa3 Rb8 28. Bxe5 fxe5 29. b3 Qf7 0-1

[Event "Hampshire Open"]
[Site "Eastleigh"]
[Date "2016.11.05"]
[Round "4"]
[White "Williams, Robin"]
[Black "Chilton, James"]
[Result "1-0"]
[WhiteElo "1776"]
[BlackElo "1760"]
[PlyCount "41"]
[EventDate "2016.11.04"]
[EventType "swiss"]
[EventRounds "6"]
[EventCountry "ENG"]
[SourceTitle "BritBase"]
[Source "John Saunders"]
[SourceDate "2016.11.11"]
[SourceVersion "1"]
[SourceVersionDate "2016.11.11"]
[SourceQuality "1"]

1. e4 c5 2. Nf3 e6 3. d4 cxd4 4. Nxd4 a6 5. g3 Nc6 6. Bg2 Nf6 7. O-O Qc7 8. Be3 d5 9. Nc3 dxe4 10. Nxe4 Nd5 11. Nxc6 Nxe3 12. fxe3 bxc6 13. Qd4 Bb7 14. Ng5 e5 15. Qc4 f6 16. Ne6 Qb6 17. Nxf8 Qxe3+ 18. Kh1 Rxf8 19. Qe6+ Kd8 20. Qd6+ Ke8 21. Rad1 1-0

[Event "Hampshire Open"]
[Site "Eastleigh"]
[Date "2016.11.06"]
[Round "5"]
[White "Waddington, Michael P"]
[Black "Chapman, Matt"]
[Result "0-1"]
[WhiteElo "2056"]
[BlackElo "1960"]
[PlyCount "66"]
[EventDate "2016.11.04"]
[EventType "swiss"]
[EventRounds "6"]
[EventCountry "ENG"]
[SourceTitle "BritBase"]
[Source "John Saunders"]
[SourceDate "2016.11.11"]
[SourceVersion "1"]
[SourceVersionDate "2016.11.11"]
[SourceQuality "1"]

1. c4 c6 2. d4 d5 3. Nc3 Nf6 4. Bf4 dxc4 5. e4 b5 6. f3 Bb7 7. g4 e6 8. h4 Be7 9. h5 h6 10. Qd2 Qb6 11. Qh2 Nbd7 12. O-O-O b4 13. Nb1 Ba6 14. Bc7 Qb7 15. Nh3 Rc8 16. Bg3 Qb6 17. Rg1 Qa5 18. b3 c3 19. Bxa6 Qxa6 20. Rge1 Nb6 21. Nf4 Qb5 22. Nd3 O-O 23. e5 Nh7 24. f4 Rfd8 25. Bf2 a5 26. Rg1 Qd5 27. Qg2 a4 28. Qxd5 Nxd5 29. Rg2 Ra8 30. Bg1 axb3 31. axb3 Ra1 32. Rh2 Rda8 33. Rc2 R8a3 0-1

[Event "Hampshire Open"]
[Site "Eastleigh"]
[Date "2016.11.06"]
[Round "5"]
[White "Fowler, David"]
[Black "Gregory, Keith DF"]
[Result "1-0"]
[WhiteElo "2024"]
[BlackElo "2064"]
[PlyCount "55"]
[EventDate "2016.11.04"]
[EventType "swiss"]
[EventRounds "6"]
[EventCountry "ENG"]
[SourceTitle "BritBase"]
[Source "John Saunders"]
[SourceDate "2016.11.11"]
[SourceVersion "1"]
[SourceVersionDate "2016.11.11"]
[SourceQuality "1"]

1. d4 d6 2. e4 Nf6 3. Nc3 Nbd7 4. Nf3 e5 5. Bc4 h6 6. dxe5 dxe5 7. a3 c6 8. b4 Qc7 9. Bb2 b5 10. Bb3 a5 11. bxa5 Ba6 12. O-O Qxa5 13. Ne2 Qc7 14. Ng3 Bc5 15. Nh4 g6 16. Qf3 Rh7 17. Rfc1 h5 18. c4 Ng4 19. Nh1 bxc4 20. Bxc4 Rb8 21. Bxa6 Rxb2 22. Be2 Qa7 23. h3 Bxf2+ 24. Nxf2 Rb3 25. Qxb3 Qxf2+ 26. Kh1 Qxh4 27. Bxg4 hxg4 28. Rc3 1-0

[Event "Hampshire Open"]
[Site "Eastleigh"]
[Date "2016.11.06"]
[Round "5"]
[White "Clancy, Martin J"]
[Black "Stimpson, Philip M"]
[Result "1/2-1/2"]
[WhiteElo "1960"]
[BlackElo "1968"]
[PlyCount "125"]
[EventDate "2016.11.04"]
[EventType "swiss"]
[EventRounds "6"]
[EventCountry "ENG"]
[SourceTitle "BritBase"]
[Source "John Saunders"]
[SourceDate "2016.11.11"]
[SourceVersion "1"]
[SourceVersionDate "2016.11.11"]
[SourceQuality "1"]

1. e4 d5 2. exd5 Nf6 3. d4 Bg4 4. Be2 Bxe2 5. Qxe2 Qxd5 6. Nf3 e6 7. O-O Nc6 8. Bf4 O-O-O 9. Nc3 Qh5 10. Nb5 Nd5 11. Bg3 a6 12. Nc3 Bd6 13. Ne4 Bxg3 14. fxg3 Nf6 15. Nxf6 gxf6 16. Rad1 Rd6 17. Qe3 Rhd8 18. c4 Qg4 19. b3 Nxd4 20. Nxd4 e5 21. h3 exd4 22. hxg4 dxe3 23. Rxd6 Rxd6 24. Re1 Rd3 25. Kf1 Kd7 26. Ke2 Rd2+ 27. Kf1 Rf2+ 28. Kg1 Rxa2 29. Rxe3 Rb2 30. Rf3 Ke6 31. Re3+ Kd6 32. Rf3 Ke7 33. Kh2 Kf8 34. Kh3 Kg7 35. Kh2 a5 36. Kh3 b6 37. Rc3 c6 38. Rf3 Kg6 39. Kh2 Rb1 40. Rd3 b5 41. cxb5 cxb5 42. Rf3 b4 43. Rd3 Ra1 44. Rd2 Rb1 45. Ra2 Rxb3 46. Rxa5 Rb1 47. Rb5 b3 48. Rb8 b2 49. Rg8+ Kh6 50. Rb8 f5 51. gxf5 Kg5 52. f6 Kf5 53. Rb5+ Kxf6 54. g4 Ke6 55. Kg3 Kd6 56. g5 Kc6 57. Rb8 Kd5 58. Kg4 Ke4 59. Rb3 Kd4 60. Rb8 Ke3 61. Kg3 Ke2 62. Re8+ Kf1 63. Rb8 1/2-1/2

[Event "Hampshire Open"]
[Site "Eastleigh"]
[Date "2016.11.06"]
[Round "5"]
[White "Williams, Robin"]
[Black "Potter, Mark"]
[Result "1/2-1/2"]
[WhiteElo "1776"]
[BlackElo "1880"]
[PlyCount "38"]
[EventDate "2016.11.04"]
[EventType "swiss"]
[EventRounds "6"]
[EventCountry "ENG"]
[SourceTitle "BritBase"]
[Source "John Saunders"]
[SourceDate "2016.11.11"]
[SourceVersion "1"]
[SourceVersionDate "2016.11.11"]
[SourceQuality "1"]

1. e4 d6 2. d4 g6 3. Nc3 Bg7 4. Be3 Nf6 5. Nf3 O-O 6. Qd2 c6 7. Bh6 b5 8. Bd3 Nbd7 9. Bxg7 Kxg7 10. e5 dxe5 11. Nxe5 Nxe5 12. dxe5 Nd5 13. Be4 Be6 14. O-O-O Qb6 15. f4 Rad8 16. Nxd5 Bxd5 17. Bxd5 Rxd5 18. Qc3 e6 19. Rxd5 cxd5 1/2-1/2

[Event "Hampshire Open"]
[Site "Eastleigh"]
[Date "2016.11.06"]
[Round "5"]
[White "Chilton, James"]
[Black "Wiltshir, Richard"]
[Result "1-0"]
[WhiteElo "1760"]
[BlackElo "1800"]
[PlyCount "45"]
[EventDate "2016.11.04"]
[EventType "swiss"]
[EventRounds "6"]
[EventCountry "ENG"]
[SourceTitle "BritBase"]
[Source "John Saunders"]
[SourceDate "2016.11.11"]
[SourceVersion "1"]
[SourceVersionDate "2016.11.11"]
[SourceQuality "1"]

1. e4 c6 2. d4 d5 3. e5 Bf5 4. Nf3 e6 5. Be2 Nd7 6. O-O h6 7. a4 Qc7 8. Bf4 Be7 9. Bg3 g5 10. a5 O-O-O 11. c4 h5 12. cxd5 cxd5 13. Na3 h4 14. Nb5 Qb8 15. Rc1+ Nc5 16. Nd6+ Bxd6 17. exd6 hxg3 18. Rxc5+ Kd7 19. Bb5+ Kxd6 20. Qe1 gxh2+ 21. Kh1 f6 22. Qb4 Ke7 23. Rc7# 1-0

[Event "Hampshire Open"]
[Site "Eastleigh"]
[Date "2016.11.06"]
[Round "6"]
[White "Chapman, Matt"]
[Black "Corkett, Anthony R"]
[Result "0-1"]
[WhiteElo "1960"]
[BlackElo "2304"]
[PlyCount "144"]
[EventDate "2016.11.04"]
[EventType "swiss"]
[EventRounds "6"]
[EventCountry "ENG"]
[SourceTitle "BritBase"]
[Source "John Saunders"]
[SourceDate "2016.11.11"]
[SourceVersion "1"]
[SourceVersionDate "2016.11.11"]
[SourceQuality "1"]

1. Nf3 c5 2. c4 g6 3. Nc3 Bg7 4. g3 Nc6 5. Bg2 Nh6 6. O-O Nf5 7. d3 d6 8. Bd2 O-O 9. a3 Rb8 10. Rb1 Nfd4 11. b4 Nxf3+ 12. Bxf3 Bh3 13. Bg2 Bxg2 14. Kxg2 b6 15. b5 Ne5 16. Qc2 f5 17. f4 Nf7 18. Rbe1 e6 19. e4 Qd7 20. Bc1 Rbe8 21. Bb2 Nh6 22. Nd1 Ng4 23. Bxg7 Qxg7 24. Qc3 Qb7 25. Kg1 Qc7 26. Nf2 Nh6 27. Nd1 Ng4 28. Nf2 Nf6 29. e5 Nd7 30. exd6 Qxd6 31. Re3 Rf7 32. Rfe1 Rfe7 33. a4 Kf7 34. Nh3 h6 35. Kf2 Nf6 36. Kg2 Ng4 37. R3e2 Rd8 38. Rd2 e5 39. fxe5 Rxe5 40. Rxe5 Qxe5 41. Qxe5 Nxe5 42. Nf4 Nxc4 43. Ra2 Ne5 44. a5 Nxd3 45. Nxd3 Rxd3 46. axb6 axb6 47. Ra7+ Kf6 48. Rb7 Rd6 49. Kf3 Ke5 50. Ke3 g5 51. Rc7 f4+ 52. gxf4+ gxf4+ 53. Ke2 Rf6 54. Kf2 Kd5 55. Kf3 c4 56. Rc8 h5 57. h4 Rf7 58. Rc6 Rb7 59. Kxf4 Kd4 60. Rd6+ Kc5 61. Rh6 Kxb5 62. Rxh5+ Kb4 63. Ke3 Rd7 64. Rh6 b5 65. h5 Rd3+ 66. Ke2 Kc3 67. Rb6 b4 68. h6 Rh3 69. Rf6 Rh2+ 70. Ke1 Kb3 71. Rf1 Rxh6 72. Kd1 Ra6 0-1

[Event "Hampshire Open"]
[Site "Eastleigh"]
[Date "2016.11.06"]
[Round "6"]
[White "Waddington, Michael P"]
[Black "Fowler, David"]
[Result "0-1"]
[WhiteElo "2056"]
[BlackElo "2024"]
[PlyCount "59"]
[EventDate "2016.11.04"]
[EventType "swiss"]
[EventRounds "6"]
[EventCountry "ENG"]
[SourceTitle "BritBase"]
[Source "John Saunders"]
[SourceDate "2016.11.11"]
[SourceVersion "1"]
[SourceVersionDate "2016.11.11"]
[SourceQuality "1"]

1. e4 c6 2. Nc3 d5 3. f4 d4 4. Nce2 Nf6 5. d3 c5 6. h3 h5 7. g3 Nc6 8. Nf3 Qc7 9. Bg2 e6 10. Ng5 e5 11. O-O Bd6 12. c3 dxc3 13. bxc3 b6 14. Be3 h4 15. g4 Nxg4 16. hxg4 f6 17. Nh3 Bxg4 18. f5 O-O-O 19. Qc2 g6 20. fxg6 Qg7 21. Kh1 Qxg6 22. Neg1 Rdg8 23. Qf2 Bd7 24. Rad1 Ne7 25. Ne2 f5 26. Bg5 f4 27. Bxe7 Bxe7 28. Rg1 Qh6 29. d4 Rg3 30. Rd3 0-1

[Event "Hampshire Open"]
[Site "Eastleigh"]
[Date "2016.11.06"]
[Round "6"]
[White "Gregory, Keith DF"]
[Black "Williams, Robin"]
[Result "1-0"]
[WhiteElo "2064"]
[BlackElo "1776"]
[PlyCount "115"]
[EventDate "2016.11.04"]
[EventType "swiss"]
[EventRounds "6"]
[EventCountry "ENG"]
[SourceTitle "BritBase"]
[Source "John Saunders"]
[SourceDate "2016.11.11"]
[SourceVersion "1"]
[SourceVersionDate "2016.11.11"]
[SourceQuality "1"]

1. Nf3 d5 2. c4 d4 3. e4 Nc6 4. d3 e5 5. Be2 Nf6 6. O-O Be7 7. Na3 O-O 8. Nc2 a5 9. Rb1 Qd6 10. b3 Nb4 11. a3 Nxc2 12. Qxc2 c5 13. b4 axb4 14. axb4 b6 15. Bd2 Bd7 16. Rb2 Ra6 17. Rfb1 Rfa8 18. Qc1 Ne8 19. Ne1 f5 20. exf5 Bxf5 21. Bf3 Rd8 22. Qd1 Nf6 23. Qe2 Re8 24. Bb7 Ra3 25. bxc5 bxc5 26. Rb6 Qc7 27. Bc1 Ra7 28. Qf3 Bd7 29. Bg5 Ra1 30. Bxf6 Qxb6 31. Bd5+ Be6 32. Rxa1 Bxf6 33. g3 Rd8 34. Ra8 Rxa8 35. Bxe6+ Qxe6 36. Qxa8+ Kf7 37. Qe4 g6 38. Kg2 Be7 39. Nf3 Bf8 40. Qb7+ Qe7 41. Qd5+ Kg7 42. Nd2 Qc7 43. Ne4 Be7 44. Qe6 Kf8 45. h4 Kg7 46. Kh3 Bd8 47. Qd5 Be7 48. f3 h6 49. g4 h5 50. Qe6 Bd8 51. gxh5 gxh5 52. Nd6 Kh7 53. Nf5 Kh8 54. Qe8+ Kh7 55. Qxh5+ Kg8 56. Qg6+ Kh8 57. h5 e4 58. fxe4 1-0

[Event "Hampshire Open"]
[Site "Eastleigh"]
[Date "2016.11.06"]
[Round "6"]
[White "Potter, Mark"]
[Black "Clancy, Martin J"]
[Result "1-0"]
[WhiteElo "1880"]
[BlackElo "1960"]
[PlyCount "55"]
[EventDate "2016.11.04"]
[EventType "swiss"]
[EventRounds "6"]
[EventCountry "ENG"]
[SourceTitle "BritBase"]
[Source "John Saunders"]
[SourceDate "2016.11.11"]
[SourceVersion "1"]
[SourceVersionDate "2016.11.11"]
[SourceQuality "1"]

1. c4 Nf6 2. g3 e5 3. Bg2 g6 4. Nc3 Bg7 5. d3 O-O 6. e4 d6 7. Nge2 Nc6 8. a3 Bg4 9. h3 Be6 10. Bg5 h6 11. Bd2 Qd7 12. Nd5 Ne8 13. Qc1 Kh7 14. Bc3 Rc8 15. Qe3 b6 16. f4 Bxd5 17. cxd5 Ne7 18. h4 c6 19. Bh3 f5 20. dxc6 Rxc6 21. h5 gxh5 22. exf5 Nd5 23. f6 Nxe3 24. Bxd7 Rxc3 25. fxg7 Kxg7 26. bxc3 Nc2+ 27. Kd2 Nxa1 28. Rxa1 1-0

[Event "Hampshire Open"]
[Site "Eastleigh"]
[Date "2016.11.06"]
[Round "6"]
[White "Stimpson, Philip M"]
[Black "Chilton, James"]
[Result "1/2-1/2"]
[WhiteElo "1968"]
[BlackElo "1760"]
[PlyCount "136"]
[EventDate "2016.11.04"]
[EventType "swiss"]
[EventRounds "6"]
[EventCountry "ENG"]
[SourceTitle "BritBase"]
[Source "John Saunders"]
[SourceDate "2016.11.11"]
[SourceVersion "1"]
[SourceVersionDate "2016.11.11"]
[SourceQuality "1"]

1. e4 c5 2. Nc3 e6 3. f4 d5 4. exd5 exd5 5. Bb5+ Nc6 6. Bxc6+ bxc6 7. d3 Nf6 8. Nf3 Be7 9. O-O O-O 10. Ne5 Qc7 11. b3 Re8 12. Bb2 Bd6 13. Na4 d4 14. Re1 Bxe5 15. Rxe5 Rxe5 16. fxe5 Qxe5 17. Qe1 Qd6 18. Ba3 Be6 19. Bxc5 Qf4 20. Qf2 Qxf2+ 21. Kxf2 Ng4+ 22. Kg1 Ne3 23. Rc1 Nf5 24. Kf2 h5 25. Nb2 a6 26. a4 Rd8 27. a5 Rd5 28. b4 h4 29. Nc4 g5 30. Nd2 g4 31. Ne4 Kg7 32. g3 h3 33. Ra1 Kg6 34. Nd2 Ne3 35. Rc1 Nf5 36. Nb3 Rd7 37. Re1 Bxb3 38. cxb3 Ne3 39. Bxd4 Nc2 40. Rc1 Nxd4 41. Ke3 Nf5+ 42. Kd2 Ne7 43. Rc4 f5 44. Ke2 Rd6 45. Kd2 Kf6 46. Rc1 Nd5 47. Rc4 Ke6 48. Ke2 Kd7 49. Rc5 Nxb4 50. Rxf5 Rd5 51. Rf4 Nxd3 52. Rxg4 Nc1+ 53. Ke1 Nxb3 54. Rh4 Nxa5 55. Rxh3 c5 56. g4 c4 57. Ra3 Kc6 58. h4 Kb5 59. g5 Kb4 60. Ra1 c3 61. g6 Nc6 62. Rxa6 Ne7 63. g7 c2 64. Rb6+ Rb5 65. Rxb5+ Kxb5 66. Kd2 Ng8 67. Kxc2 Kc5 68. h5 Kd4 1/2-1/2

[Event "Hampshire Major"]
[Site "Eastleigh"]
[Date "2016.11.04"]
[Round "1"]
[White "Moore, Gillian A"]
[Black "Foley, Phil"]
[Result "1-0"]
[WhiteElo "1672"]
[BlackElo "1784"]
[PlyCount "128"]
[EventDate "2016.11.04"]
[EventType "swiss"]
[EventRounds "6"]
[EventCountry "ENG"]
[SourceTitle "BritBase"]
[Source "John Saunders"]
[SourceDate "2016.11.11"]
[SourceVersion "1"]
[SourceVersionDate "2016.11.11"]
[SourceQuality "1"]

1. d4 e6 2. c4 f5 3. g3 Nf6 4. Bg2 d5 5. Nc3 c6 6. cxd5 exd5 7. Nf3 Bd6 8. O-O O-O 9. Qc2 Ne4 10. b3 Nd7 11. Bb2 Ndf6 12. e3 Qe8 13. Ne2 Bd7 14. Ne5 Rc8 15. f3 Ng5 16. h4 Nf7 17. Qc3 Rc7 18. Kf2 Bc8 19. Nf4 Re7 20. Nxf7 Rexf7 21. Rfe1 Qd7 22. Nd3 Qc7 23. Nf4 Re8 24. Bh3 a5 25. a3 Rfe7 26. Rac1 Bxf4 27. exf4 Kf7 28. Re5 Rxe5 29. fxe5 Ng8 30. Qd2 g6 31. Qf4 Be6 32. Bc3 Qb6 33. b4 a4 34. Bf1 Qc7 35. b5 c5 36. Be2 c4 37. Rb1 b6 38. Rb4 Ra8 39. Qd2 Kg7 40. Qc2 Ra5 41. Bd1 Bd7 42. Qb1 Qa7 43. Rb2 Ne7 44. Ke2 Nc8 45. Bxa5 Qxa5 46. Rb4 Qa7 47. Rxa4 Qc7 48. Rb4 Qd8 49. Qc1 Qe7 50. Qg5 Qf8 51. Qe3 Qe7 52. Rb1 Qe8 53. a4 Qe6 54. f4 Ne7 55. Qc3 Ng8 56. Kd2 Nh6 57. a5 Ng4 58. Bxg4 fxg4 59. a6 Qe8 60. Ra1 Bxb5 61. a7 Bc6 62. Qb4 Ba8 63. Qxb6 c3+ 64. Kxc3 Qc8+ 1-0

[Event "Hampshire Major"]
[Site "Eastleigh"]
[Date "2016.11.04"]
[Round "1"]
[White "Coburn, Joe"]
[Black "Smith, Chris"]
[Result "1/2-1/2"]
[WhiteElo "1768"]
[BlackElo "1664"]
[PlyCount "71"]
[EventDate "2016.11.04"]
[EventType "swiss"]
[EventRounds "6"]
[EventCountry "ENG"]
[SourceTitle "BritBase"]
[Source "John Saunders"]
[SourceDate "2016.11.11"]
[SourceVersion "1"]
[SourceVersionDate "2016.11.11"]
[SourceQuality "1"]

1. e4 e6 2. d4 d5 3. exd5 exd5 4. Bd3 Nc6 5. Nf3 Bg4 6. c3 Bd6 7. O-O Nf6 8. Re1+ Ne7 9. Bg5 Qd7 10. Nbd2 h6 11. Bh4 g5 12. Bg3 O-O-O 13. Qc2 Kb8 14. Ne5 Qe8 15. Nxg4 Nxg4 16. Re2 Qd7 17. Rae1 Bxg3 18. hxg3 Rde8 19. Nf3 Qd8 20. Ne5 Nxe5 21. Rxe5 Nc6 22. R5e3 Rxe3 23. Rxe3 Re8 24. Qe2 Rxe3 25. Qxe3 Qe7 26. Kf1 Qxe3 27. fxe3 Ne7 28. g4 c6 29. Kf2 Kc7 30. e4 dxe4 31. Bxe4 Kd6 32. c4 b6 33. b4 f6 34. Ke3 Ke6 35. a4 a5 36. b5 1/2-1/2

[Event "Hampshire Major"]
[Site "Eastleigh"]
[Date "2016.11.04"]
[Round "1"]
[White "Belinger, John"]
[Black "Stone, Mark"]
[Result "0-1"]
[WhiteElo "1624"]
[BlackElo "1688"]
[PlyCount "100"]
[EventDate "2016.11.04"]
[EventType "swiss"]
[EventRounds "6"]
[EventCountry "ENG"]
[SourceTitle "BritBase"]
[Source "John Saunders"]
[SourceDate "2016.11.11"]
[SourceVersion "1"]
[SourceVersionDate "2016.11.11"]
[SourceQuality "1"]

1. e4 d5 2. exd5 Qxd5 3. Nc3 Qa5 4. d4 Nf6 5. Nf3 c6 6. Bc4 Bf5 7. Bd2 e6 8. Nd5 Qd8 9. Nxf6+ Qxf6 10. Qe2 Nd7 11. O-O-O h6 12. d5 Ba3 13. Ba5 Qxb2+ 14. Kd2 Qxc2+ 15. Ke1 Qxe2+ 16. Kxe2 exd5 17. Bd3 Bxd3+ 18. Rxd3 O-O 19. Rxa3 Rfe8+ 20. Re3 Rxe3+ 21. Kxe3 Re8+ 22. Kd2 c5 23. Re1 Rxe1 24. Kxe1 b6 25. Bd2 g5 26. Ke2 f6 27. Ne1 Kf7 28. h4 Ke6 29. hxg5 hxg5 30. g3 Ne5 31. f4 Nf7 32. fxg5 fxg5 33. Nf3 Kf5 34. Kf2 d4 35. Ke2 b5 36. Ba5 g4 37. Nd2 c4 38. Bb4 Ne5 39. Ba3 c3 40. Nb3 d3+ 41. Kd1 Ke4 42. Bc1 Nc4 43. Nc5+ Kd4 44. Nb3+ Kd5 45. Bf4 a5 46. Bg5 a4 47. Na1 Nb2+ 48. Kc1 Nc4 49. Bf4 Kd4 50. Bg5 Kd5 0-1

[Event "Hampshire Major"]
[Site "Eastleigh"]
[Date "2016.11.04"]
[Round "1"]
[White "Hurn, Paul"]
[Black "Hudson, Jeremy"]
[Result "1/2-1/2"]
[WhiteElo "1680"]
[BlackElo "1600"]
[PlyCount "57"]
[EventDate "2016.11.04"]
[EventType "swiss"]
[EventRounds "6"]
[EventCountry "ENG"]
[SourceTitle "BritBase"]
[Source "John Saunders"]
[SourceDate "2016.11.11"]
[SourceVersion "1"]
[SourceVersionDate "2016.11.11"]
[SourceQuality "1"]

1. e4 a6 2. d4 b5 3. Bf4 Bb7 4. Nd2 e6 5. Bd3 c5 6. c3 cxd4 7. cxd4 Nf6 8. Ngf3 Nc6 9. O-O Nb4 10. Bb1 Be7 11. a3 Nc6 12. Re1 O-O 13. Bg5 h6 14. Bxf6 Bxf6 15. e5 Be7 16. Ne4 d5 17. exd6 Bxd6 18. Qd3 g6 19. Qe3 Kg7 20. h4 Ne7 21. Qd3 Nd5 22. Nxd6 Qxd6 23. Ne5 Nf4 24. Qg3 Nh5 25. Qe3 Qd5 26. Be4 Qxe4 27. Qxe4 Bxe4 28. Rxe4 Nf6 29. Ree1 1/2-1/2

[Event "Hampshire Major"]
[Site "Eastleigh"]
[Date "2016.11.05"]
[Round "2"]
[White "Stone, Mark"]
[Black "Moore, Gillian A"]
[Result "1/2-1/2"]
[WhiteElo "1688"]
[BlackElo "1672"]
[PlyCount "48"]
[EventDate "2016.11.04"]
[EventType "swiss"]
[EventRounds "6"]
[EventCountry "ENG"]
[SourceTitle "BritBase"]
[Source "John Saunders"]
[SourceDate "2016.11.11"]
[SourceVersion "1"]
[SourceVersionDate "2016.11.11"]
[SourceQuality "1"]

1. e4 Nf6 2. e5 Nd5 3. d4 d6 4. Nf3 dxe5 5. Nxe5 c6 6. c4 Nf6 7. Nc3 Nbd7 8. Nxd7 Bxd7 9. Bg5 Qc7 10. Be2 e5 11. Bxf6 gxf6 12. dxe5 fxe5 13. O-O O-O-O 14. Qa4 Kb8 15. Rfd1 Be7 16. b4 f5 17. Qb3 e4 18. a4 Bd6 19. g3 Be5 20. Ra2 a5 21. b5 Bxc3 22. Qxc3 c5 23. Rad2 Rhg8 24. Qf6 b6 1/2-1/2

[Event "Hampshire Major"]
[Site "Eastleigh"]
[Date "2016.11.05"]
[Round "2"]
[White "Hudson, Jeremy"]
[Black "Coburn, Joe"]
[Result "0-1"]
[WhiteElo "1600"]
[BlackElo "1768"]
[PlyCount "86"]
[EventDate "2016.11.04"]
[EventType "swiss"]
[EventRounds "6"]
[EventCountry "ENG"]
[SourceTitle "BritBase"]
[Source "John Saunders"]
[SourceDate "2016.11.11"]
[SourceVersion "1"]
[SourceVersionDate "2016.11.11"]
[SourceQuality "1"]

1. d4 d6 2. Bf4 Nf6 3. Nf3 g6 4. e3 Bg7 5. h3 Nbd7 6. Nbd2 c6 7. c3 O-O 8. Bd3 e5 9. dxe5 Nxe5 10. Bxe5 dxe5 11. Nxe5 Nh5 12. Ndf3 Bxe5 13. Nxe5 Qg5 14. Ng4 Rd8 15. Qe2 Qd5 16. O-O-O Qxa2 17. Bc4 Rxd1+ 18. Rxd1 Qa1+ 19. Kc2 Qa4+ 20. b3 Qa2+ 21. Kc1 Qa1+ 22. Kc2 Bf5+ 23. e4 Qa2+ 24. Kc1 Qxe2 25. Bxe2 Bxe4 26. Rd7 Bxg2 27. Nh6+ Kg7 28. Nxf7 Kf6 29. Bxh5 gxh5 30. h4 Bd5 31. Ng5 h6 32. Rd6+ Kg7 33. Ne6+ Bxe6 34. Rxe6 Rf8 35. Re7+ Rf7 36. Rxf7+ Kxf7 37. Kd2 Kf6 38. Ke3 Kf5 39. Kf3 a5 40. Ke3 b5 41. Kd3 a4 42. bxa4 bxa4 43. Kc4 Kg4 0-1

[Event "Hampshire Major"]
[Site "Eastleigh"]
[Date "2016.11.05"]
[Round "2"]
[White "Smith, Chris"]
[Black "Agostinelli, Dave"]
[Result "0-1"]
[WhiteElo "1664"]
[BlackElo "1656"]
[PlyCount "58"]
[EventDate "2016.11.04"]
[EventType "swiss"]
[EventRounds "6"]
[EventCountry "ENG"]
[SourceTitle "BritBase"]
[Source "John Saunders"]
[SourceDate "2016.11.11"]
[SourceVersion "1"]
[SourceVersionDate "2016.11.11"]
[SourceQuality "1"]

1. c4 g6 2. Nc3 Bg7 3. g3 c5 4. Bg2 Nc6 5. e3 e6 6. Nge2 Nge7 7. d4 cxd4 8. Nxd4 Nxd4 9. exd4 Nf5 10. d5 O-O 11. Be3 Bxc3+ 12. bxc3 Nxe3 13. fxe3 d6 14. O-O e5 15. Rf2 f5 16. e4 b6 17. Qe2 Bd7 18. Raf1 Qe7 19. exf5 Rxf5 20. Be4 Rxf2 21. Rxf2 Rf8 22. Rxf8+ Qxf8 23. Kg2 Kg7 24. Bf3 h5 25. Be4 Bf5 26. Bf3 Qe7 27. a4 e4 28. Kf2 Qf6 29. Bxe4 Bxe4+ 0-1

[Event "Hampshire Major"]
[Site "Eastleigh"]
[Date "2016.11.05"]
[Round "2"]
[White "Foley, Phil"]
[Black "Belinger, John"]
[Result "1/2-1/2"]
[WhiteElo "1784"]
[BlackElo "1624"]
[PlyCount "76"]
[EventDate "2016.11.04"]
[EventType "swiss"]
[EventRounds "6"]
[EventCountry "ENG"]
[SourceTitle "BritBase"]
[Source "John Saunders"]
[SourceDate "2016.11.11"]
[SourceVersion "1"]
[SourceVersionDate "2016.11.11"]
[SourceQuality "1"]

1. e4 e5 2. Nf3 Nc6 3. Bc4 Bc5 4. c3 Nf6 5. d4 exd4 6. cxd4 Bb4+ 7. Bd2 Bxd2+ 8. Nbxd2 d5 9. exd5 Nxd5 10. O-O O-O 11. Nb3 Nce7 12. Ne5 c6 13. Re1 Bf5 14. Qd2 Qd6 15. Nc5 b6 16. Ne4 Qc7 17. Rac1 Bxe4 18. Rxe4 Qb7 19. a3 Rac8 20. Qe2 Nf5 21. Ba6 Qa8 22. Bxc8 Rxc8 23. Rxc6 Rf8 24. Qc2 g6 25. Nf3 Nde7 26. Rc7 Nd5 27. Rd7 Nf6 28. Rde7 Nxe4 29. Rxe4 Rc8 30. Qe2 Qc6 31. h3 Qc1+ 32. Kh2 Qc7+ 33. g3 Qc2 34. Re8+ Kg7 35. Qe5+ Kh6 36. Qf4+ Kg7 37. Qe5+ Kh6 38. Qf4+ Kg7 1/2-1/2

[Event "Hampshire Major"]
[Site "Eastleigh"]
[Date "2016.11.05"]
[Round "3"]
[White "Coburn, Joe"]
[Black "Agostinelli, Dave"]
[Result "1-0"]
[WhiteElo "1768"]
[BlackElo "1656"]
[PlyCount "51"]
[EventDate "2016.11.04"]
[EventType "swiss"]
[EventRounds "6"]
[EventCountry "ENG"]
[SourceTitle "BritBase"]
[Source "John Saunders"]
[SourceDate "2016.11.11"]
[SourceVersion "1"]
[SourceVersionDate "2016.11.11"]
[SourceQuality "1"]

1. d4 Nf6 2. Nf3 g6 3. g3 Bg7 4. Bg2 O-O 5. c4 d6 6. Nc3 Nbd7 7. O-O e5 8. d5 Nb6 9. Nd2 Bg4 10. f3 Bd7 11. e4 Nh5 12. b4 f5 13. c5 dxc5 14. bxc5 Nc8 15. Qb3 Kh8 16. Qxb7 Ne7 17. Rb1 g5 18. Ba3 Rg8 19. c6 Bxc6 20. Bxe7 Qxe7 21. Qxc6 f4 22. g4 Nf6 23. Rb7 Rgc8 24. Nb5 Qb4 25. Nc4 Ne8 26. Nxa7 1-0

[Event "Hampshire Major"]
[Site "Eastleigh"]
[Date "2016.11.05"]
[Round "3"]
[White "Hurn, Paul"]
[Black "Northcott, Paul"]
[Result "0-1"]
[WhiteElo "1680"]
[BlackElo "1712"]
[PlyCount "68"]
[EventDate "2016.11.04"]
[EventType "swiss"]
[EventRounds "6"]
[EventCountry "ENG"]
[SourceTitle "BritBase"]
[Source "John Saunders"]
[SourceDate "2016.11.11"]
[SourceVersion "1"]
[SourceVersionDate "2016.11.11"]
[SourceQuality "1"]

1. e4 g6 2. d4 Bg7 3. Nf3 c5 4. Be3 Nc6 5. c3 cxd4 6. cxd4 e6 7. Nc3 d5 8. e5 Nge7 9. Rc1 a6 10. Bd3 Bd7 11. O-O O-O 12. a3 b5 13. h4 h5 14. Bg5 Qb6 15. Ne2 Kh8 16. Rc5 Ng8 17. Nf4 Nxd4 18. b4 Nxf3+ 19. Qxf3 Nh6 20. Bxg6 fxg6 21. Nxg6+ Kh7 22. Nxf8+ Rxf8 23. Qd3+ Nf5 24. Qe2 Kg6 25. Rfc1 Bh6 26. g4 Nxh4 27. Bxh6 Kxh6 28. Qe3+ Kg6 29. gxh5+ Kxh5 30. Qd3 Nf3+ 31. Kh1 Rf5 32. Qe2 Qd8 33. Rg1 Qh4+ 34. Kg2 Qh2+ 0-1